000
00337 a2200109 4500
001
ART_24810
005
20260410161934.0
008
260409a
245
1
0
_a
La administración financiera de los bancos comerciales
100
1
_a
Sapetnitzky, Claudio E.
773
0
_t
Gestión
_g
- Nº 4 (dic. 1973/ene. 1974)
_w
REV24740
999
_c
28861
_d
28861